000 00376nam a2200145 a 4500
005 20140312114621.0
008 140312b2003 ||||| |||| 00| 0 eng d
041 _aeng
090 _aLB
_b03520
245 _aGlobal biodiversity information facility strategic plan
_boctubre 2003
260 _as.l
_bGBIF
_c2003
300 _a27 p.
942 _cImpreso
_2z
945 _d2004-03-29
999 _c3782
_d3782